| 000 | 00561nam a22002057a 4500 | ||
|---|---|---|---|
| 005 | 20230418030852.0 | ||
| 008 | 221027b |||||||| |||| 00| 0 eng d | ||
| 020 | _a0-75283-401-0 | ||
| 082 | _aFic. V775 2000 | ||
| 100 |
_aVincenzi, Penny _eauthor |
||
| 245 |
_aAlmost a crime / _cPenny Vincenzi |
||
| 260 |
_aLondon: _bOrion Books, _cc2000. |
||
| 300 | _a817p. | ||
| 541 | _e5560 | ||
| 650 | _aDetective and mystery stories | ||
| 650 | _aAdultery - Fiction | ||
| 650 | _aPsychological fiction | ||
| 650 | _aMarriage - Fiction | ||
| 650 | _aRevenge - Fiction | ||
| 999 |
_c94 _d94 |
||